Yüklüyor......

Objective General English For All Competitive Exams.

Detaylı Bibliyografya
Yazar: S.K.Bakshi
Materyal Türü: Printed Book
Baskı/Yayın Bilgisi: NewDelhi Arihant 2000
LEADER 00416nam a22001217a 4500
999 |c 216107  |d 216107 
020 |a 9789351768449 
082 |a 425.76  |b BAK.O 
100 |a S.K.Bakshi 
245 |a Objective General English  |b For All Competitive Exams. 
260 |a NewDelhi  |b Arihant  |c 2000 
942 |c BK 
952 |0 0  |1 0  |4 0  |6 425_760000000000000_BAK_O  |7 0  |8 REF  |9 230044  |a GEO  |b GEO  |d 2019-12-11  |l 0  |o 425.76 BAK.O  |p GEO5028  |r 2019-12-11  |w 2019-12-11  |y BK